Subdivision capitals closest to Bistrița (RO) - Statistics

General Stats
  • This quiz has been taken 12 times
  • The average score is 13 of 20
Answer Stats
Distance (km) Answer % Correct
15 186 Brașov
100%
2 79 Cluj-Napoca
100%
6 138 Alba Iulia
80%
13 176 Botoșani
80%
19 221 Debrecen
80%
17 195 Oradea
80%
7 142 Satu Mare
80%
4 109 Zalău
80%
16 194 Bacău
60%
3 90 Baia Mare
60%
5 131 Miercurea Ciuc
60%
8 144 Piatra Neamț
60%
12 172 Sfântu Gheorghe
60%
9 144 Suceava
60%
1 66 Târgu Mureș
60%
11 168 Černjivci
40%
14 185 Deva
40%
20 226 Râmnicu Vâlcea
40%
10 151 Sibiu
40%
18 200 Ivano-Frankivsk
20%
No matching quizzes found
Score Distribution
Percent of People with Each Score
Percentile by Number Answered
Your Score History
You have not taken this quiz